Osvobození příjmů z prodeje nemovitých věcí od daně z příjmů počínaje rokem 2014
Dokončenie článku z predchádzajúceho čísla o možnostiach oslobodenia od dane z príjmu z predaja nehnuteľností v Českej republike. Príklady.
Salvato in:
| Autore principale: | |
|---|---|
| Natura: | Capitolo di libro |
| Lingua: | ceco |
| Soggetti: | |
| Tags: |
Nessun Tag, puoi essere il primo ad aggiungerne!!
|
MARC
| LEADER | 00000naa a2200000 4500 | ||
|---|---|---|---|
| 001 | 0192839 | ||
| 005 | 20230925092421.4 | ||
| 041 | 0 | |a cze | |
| 044 | |a CZ | ||
| 245 | 1 | 0 | |a Osvobození příjmů z prodeje nemovitých věcí od daně z příjmů počínaje rokem 2014 |c Eva Sedláková |
| 520 | |a Dokončenie článku z predchádzajúceho čísla o možnostiach oslobodenia od dane z príjmu z predaja nehnuteľností v Českej republike. Príklady. | ||
| 610 | 2 | 0 | |a Česko |
| 610 | 2 | 0 | |a systémy daňové |
| 610 | 2 | 0 | |a sústava daňová |
| 610 | 2 | 0 | |a dane z nehnuteľností |
| 610 | 2 | 0 | |a oslobodenie od daní |
| 610 | 2 | 0 | |a predpisy daňové |
| 100 | 1 | |a Sedláková, Eva | |